000 00366nam a2200169Ia 4500
003 0STCL
008 150530s9999 xx 000 0 und d
040 _aSTCL
_cSTCL
100 _aGlasstone, S.
245 _aTheoretical chemistry
250 _aTwelevth
260 _c1961
546 _aEnglish
942 _2ddc
_cBK
999 _c32202
_d32202
005 20220125170238.0